00351nam a2200133Ia 4500008004100000100002100041245003900062260000900101300001300110504001100123650002300134650002500157773003500182181130s2018 xx 000 0 und d aNavlakha, Gautam aThe pre-decided maruti suzuki case c2018 ap.14-18. d16-Jun aMaruti Suzuki case aMotor transportation aEconomic and Political Weekly